Sports Quiz

Random Sports Quiz

Silverstone 2011-Present Quiz Stats

 Plays Quiz not verified by Sporcle

Score 0/15 Timer 06:00
0 Plays Today
Area Name % Correct
10Becketts
86.3%
12Hangar Straight
82.9%
9Maggotts
82.1%
13Stowe
76.9%
8Copse
71.8%
15Club
65%
1Abbey
62.4%
11Chapel
58.1%
Area Name % Correct
6Luffield
56.4%
14Vale
48.7%
5Brooklands
44.4%
7National Pits Straight
42.7%
3The Loop
30.8%
4Wellington Straight
27.4%
2Farm Curve
5.1%

You're not logged in!

Compare scores with friends on all Sporcle quizzes.
OR
Log In

Show Comments

Extras

Top Quizzes Today


Score Distribution

Your Account Isn't Verified!

In order to create a playlist on Sporcle, you need to verify the email address you used during registration. Go to your Sporcle Settings to finish the process.

Report this User

Report this user for behavior that violates our Community Guidelines.

Details: